Statistics for Royal Rumble Winners

Click here to take the quiz!

General Stats

  • This quiz has been taken 2,785 times
  • The average score is 15 of 18

Answer Stats

HintAnswer% Correct
2008John Cena
94%
2002Triple H
89%
2007The Undertaker
87%
1998Stone Cold Steve Austin
86%
1997Stone Cold Steve Austin
86%
2001Stone Cold Steve Austin
86%
2009Randy Orton
85%
2000The Rock
85%
2010Edge
82%
1995Shawn Michaels
82%
1996Shawn Michaels
82%
2005Batista
81%
2006Rey Mysterio
81%
2012Sheamus
77%
2011Alberto Del Rio
75%
2003Brock Lesnar
70%
2004Chris Benoit
65%
1999Vince McMahon
64%

Score Distribution

Percentile by Number Answered

Percent of People with Each Score

Your Score History

You have not taken this quiz